000 004940000a22001690004500
003 LK-CoMWRAF
008 230817t ||||| |||| 00| 0 eng d
020 _a9221128911
040 _aLK-CoMWRAF
_dLK-CoMWRAF
_eLK-CoMWRAF
041 _aeng
082 _a770
_bGUN
100 _aGunatilaka,Ramani
245 _aFreedom Of Association And Collective Bargainning In Sri Lanka Progress And prospects
_b
260 _aColombo
_bInternational LabourOrganization
_c2001
300 _ap.67
942 _cBK
999 _c452
_d452